[Event "Alassio West End op 2nd"]
[Site "Alassio"]
[Date "2016.09.30"]
[Round "1"]
[White "Ustianovich, Nazar"]
[Black "Zannoni, Gianni"]
[Result "1-0"]
[WhiteElo "2316"]
[BlackElo "1724"]
[PlyCount "63"]
[EventDate "2016.09.30"]
[EventType "swiss"]
[EventRounds "5"]
[EventCountry "ITA"]
[SourceTitle "EXT 2018"]
[Source "ChessBase"]
[SourceDate "2017.10.13"]
[SourceVersion "1"]
[SourceVersionDate "2017.10.13"]
[SourceQuality "1"]

1. d4 d5 2. Nf3 Nf6 3. c4 e6 4. Nc3 Nbd7 5. Bg5 c6 6. e3 Qa5 7. cxd5 exd5 8. Nd2 Bb4 9. Qc2 0-0 10. Be2 Re8 11. 0-0 Bxc3 12. bxc3 Ne4 13. Nxe4 dxe4 14. Bh4 Nf8 15. Rab1 b5 16. c4 a6 17. a4 Bd7 18. Bg3 Qb6 19. Qb2 Ra7 20. axb5 axb5 21. cxb5 Rb7 22. Qc2 cxb5 23. Rb4 Qa5 24. Rfb1 Re6 25. d5 Rf6 26. h4 Ng6 27. Qxe4 Kf8 28. Qc2 Ne7 29. e4 Ng6 30. Bxb5 Nf4 31. Bxd7 Rxd7 32. e5 1-0

[Event "Biella Vercelli Province-ch"]
[Site "Biella"]
[Date "2014.03.16"]
[Round "5"]
[White "Borghi, Dario"]
[Black "Zannoni, Gianni"]
[Result "1-0"]
[WhiteElo "1739"]
[BlackElo "1755"]
[PlyCount "63"]
[EventDate "2014.03.14"]
[EventType "swiss"]
[EventRounds "5"]
[EventCountry "ITA"]
[SourceTitle "EXT 2015"]
[Source "ChessBase"]
[SourceDate "2014.11.20"]
[SourceVersion "1"]
[SourceVersionDate "2014.11.20"]
[SourceQuality "1"]

1. c4 Nf6 2. g3 e5 3. Bg2 c6 4. Nf3 d6 5. Nc3 Be7 6. d3 0-0 7. 0-0 Nbd7 8. e4 Nc5 9. b4 Ne6 10. Re1 Bd7 11. a3 a6 12. Bb2 b5 13. Qc2 Qb6 14. Rab1 Rfc8 15. Qd2 a5 16. Nh4 axb4 17. axb4 g6 18. Nd1 Bf8 19. Nf3 Rcb8 20. Ne3 Ra2 21. Ra1 Rba8 22. Rxa2 Rxa2 23. Ra1 Rxa1+ 24. Bxa1 Bh6 25. Bc3 bxc4 26. dxc4 Nxe4 27. Qd3 Bxe3 28. fxe3 Nxc3 29. Qxc3 Ng7 30. c5 dxc5 31. bxc5 f6 32. cxb6 1-0

[Event "Biella Vercelli Province-ch"]
[Site "Biella"]
[Date "2014.03.14"]
[Round "1"]
[White "Della Peruta, Lorenzo"]
[Black "Zannoni, Gianni"]
[Result "1/2-1/2"]
[WhiteElo "1423"]
[BlackElo "1755"]
[PlyCount "89"]
[EventDate "2014.03.14"]
[EventType "swiss"]
[EventRounds "5"]
[EventCountry "ITA"]
[SourceTitle "EXT 2015"]
[Source "ChessBase"]
[SourceDate "2014.11.20"]
[SourceVersion "1"]
[SourceVersionDate "2014.11.20"]
[SourceQuality "1"]

1. e4 d6 2. d4 Nf6 3. Nc3 c6 4. Nf3 Bg4 5. Be2 Nbd7 6. Be3 e5 7. 0-0 Qc7 8. Qd2 Be7 9. Rad1 0-0 10. Rfe1 b5 11. a3 a5 12. b4 axb4 13. axb4 Nb6 14. Ra1 Bxf3 15. Bxf3 Nc4 16. Qc1 Rxa1 17. Qxa1 Nxe3 18. fxe3 Qb6 19. Rd1 exd4 20. exd4 Nd7 21. Kh1 Bf6 22. Ne2 Re8 23. c3 Qb7 24. Ng3 Ra8 25. Qb2 g6 26. Ra1 Nb6 27. Be2 Rxa1+ 28. Qxa1 Qa8 29. Qxa8+ Nxa8 30. Bg4 Nb6 31. Kg1 Na4 32. Ne2 Nxc3 33. Nxc3 Bxd4+ 34. Kf1 Bxc3 35. Bd7 c5 36. bxc5 dxc5 37. Bxb5 Kg7 38. Ke2 Kf6 39. Ke3 Ke5 40. g3 Bd4+ 41. Kd3 h5 42. Be8 Ke6 43. Bc6 g5 44. Bd5+ Ke7 45. h3 1/2-1/2

[Event "Biella Vercelli Province-ch"]
[Site "Santhia"]
[Date "2013.03.15"]
[Round "2"]
[White "Borghi, Dario"]
[Black "Zannoni, Gianni"]
[Result "1-0"]
[WhiteElo "1747"]
[BlackElo "1797"]
[PlyCount "63"]
[EventDate "2013.03.08"]
[EventType "swiss"]
[EventRounds "5"]
[EventCountry "ITA"]
[SourceTitle "EXT 2014"]
[Source "ChessBase"]
[SourceDate "2013.11.20"]
[SourceVersion "1"]
[SourceVersionDate "2013.11.20"]
[SourceQuality "1"]

1. c4 Nf6 2. Nc3 g6 3. g3 Bg7 4. Bg2 d6 5. d3 0-0 6. Nf3 e5 7. e4 Nc6 8. 0-0 Nh5 9. Nh4 Nd4 10. Be3 f5 11. exf5 Nxf5 12. Nxf5 Nf6 13. Nxg7 Kxg7 14. h3 c6 15. Kh2 Be6 16. Qd2 Ng8 17. Ne2 Qd7 18. b3 Rfe8 19. Qb2 Qc7 20. Rac1 Ne7 21. d4 Kg8 22. dxe5 dxe5 23. Nc3 Nf5 24. Ne4 Rf8 25. Ng5 Bc8 26. Rce1 b6 27. Nf3 Re8 28. Bf4 exf4 29. Rxe8+ Kf7 30. Qh8 fxg3+ 31. Kh1 Qd6 32. Ng5# 1-0

[Event "Porto San Giorgio op 23rd"]
[Site "Porto San Giorgio"]
[Date "2011.08.27"]
[Round "8"]
[White "Piccinini, Samuele"]
[Black "Zannoni, Gianni"]
[Result "1-0"]
[WhiteElo "1903"]
[BlackElo "1846"]
[PlyCount "57"]
[EventDate "2011.08.21"]
[EventType "swiss"]
[EventRounds "9"]
[EventCountry "ITA"]
[SourceTitle "CBM 144 Extra"]
[Source "ChessBase"]
[SourceDate "2011.10.28"]
[SourceVersion "1"]
[SourceVersionDate "2011.10.28"]
[SourceQuality "1"]

1. d4 Nf6 2. c4 c6 3. Nc3 d5 4. Bg5 Nbd7 5. e3 g6 6. Nf3 Bg7 7. Qc2 0-0 8. 0-0-0 a6 9. h3 b5 10. c5 b4 11. Na4 Ne4 12. Bf4 a5 13. Ne5 Bxe5 14. dxe5 f6 15. f3 Ng5 16. exf6 exf6 17. h4 Ne6 18. Bh6 Re8 19. h5 g5 20. Bd3 Re7 21. f4 Ra7 22. g3 Ba6 23. Bxa6 Rxa6 24. e4 dxe4 25. Qc4 Qc8 26. Rd6 Ndf8 27. Nb6 Rxb6 28. cxb6 Qb8 29. Bxf8 1-0

[Event "Porto San Giorgio op 23rd"]
[Site "Porto San Giorgio"]
[Date "2011.08.24"]
[Round "5"]
[White "Zannoni, Gianni"]
[Black "Mazzarini, Daniele"]
[Result "0-1"]
[WhiteElo "1846"]
[BlackElo "1813"]
[PlyCount "130"]
[EventDate "2011.08.21"]
[EventType "swiss"]
[EventRounds "9"]
[EventCountry "ITA"]
[SourceTitle "CBM 144 Extra"]
[Source "ChessBase"]
[SourceDate "2011.10.28"]
[SourceVersion "1"]
[SourceVersionDate "2011.10.28"]
[SourceQuality "1"]

1. Nf3 Nf6 2. g3 g6 3. Bg2 Bg7 4. 0-0 c5 5. d3 0-0 6. e4 d6 7. Nbd2 Nc6 8. c3 Nd7 9. Nc4 b5 10. Ne3 Rb8 11. Rb1 Nb6 12. Bd2 Be6 13. b3 a5 14. Ng5 Bd7 15. f4 e5 16. f5 Qxg5 17. Nd5 Qd8 18. f6 Bh8 19. Qf3 Nxd5 20. exd5 Ne7 21. fxe7 Qxe7 22. h4 h5 23. Bg5 f6 24. Bd2 b4 25. c4 Bg7 26. Qe2 Kh7 27. Be4 f5 28. Bf3 Bh6 29. Be1 a4 30. Bf2 Qf6 31. Qc2 Ra8 32. Kg2 Ra7 33. Qe2 Rfa8 34. Kg1 axb3 35. axb3 Ra3 36. Qc2 Qd8 37. Qe2 Ra2 38. Rb2 Rxb2 39. Qxb2 Ra3 40. Rb1 Qa5 41. Qc2 Ra2 42. Rb2 Rxb2 43. Qxb2 Qa3 44. Qb1 Qc1+ 45. Qxc1 Bxc1 46. Kg2 Be8 47. Kh3 Kg7 48. Kg2 Kf6 49. Kh3 g5 50. hxg5+ Kxg5 51. Kg2 Kf6 52. Kh3 Bg6 53. Bd1 e4 54. dxe4 fxe4 55. g4 hxg4+ 56. Kxg4 e3 57. Bh4+ Kf7 58. Be1 e2 59. Bxe2 Bc2 60. Bg3 Ke7 61. Bh4+ Kd7 62. Kf3 Bxb3 63. Bd3 Ba2 64. Bf6 b3 65. Ke2 Ba3 0-1

[Event "Porto San Giorgio op 23rd"]
[Site "Porto San Giorgio"]
[Date "2011.08.23"]
[Round "4"]
[White "Plances, Giuseppe"]
[Black "Zannoni, Gianni"]
[Result "1-0"]
[WhiteElo "1734"]
[BlackElo "1846"]
[PlyCount "69"]
[EventDate "2011.08.21"]
[EventType "swiss"]
[EventRounds "9"]
[EventCountry "ITA"]
[SourceTitle "CBM 144 Extra"]
[Source "ChessBase"]
[SourceDate "2011.10.28"]
[SourceVersion "1"]
[SourceVersionDate "2011.10.28"]
[SourceQuality "1"]

1. d4 Nf6 2. c4 e6 3. Nc3 d5 4. cxd5 exd5 5. Bg5 Nbd7 6. e3 c6 7. Qc2 Be7 8. Bd3 0-0 9. Nge2 Re8 10. 0-0 Nf8 11. a3 Be6 12. b4 Rc8 13. Nf4 h6 14. Nxe6 Nxe6 15. Bh4 Nh5 16. Bxe7 Rxe7 17. Bf5 Qe8 18. a4 g6 19. Bd3 f5 20. g4 Nhg7 21. gxf5 gxf5 22. f4 Kh8 23. Bxf5 Qh5 24. Bg6 Qh3 25. Nxd5 Nxd4 26. exd4 cxd5 27. Qg2 Qe3+ 28. Kh1 Qxd4 29. Qh3 Rec7 30. Qxh6+ Kg8 31. Rae1 Ne8 32. Bxe8 Rxe8 33. Rxe8+ Kf7 34. Qe6+ Kg7 35. Rg8+ 1-0

[Event "Porto San Giorgio op 23rd"]
[Site "Porto San Giorgio"]
[Date "2011.08.23"]
[Round "3"]
[White "Zannoni, Gianni"]
[Black "Cocuzzi, Edoardo"]
[Result "0-1"]
[WhiteElo "1846"]
[BlackElo "1926"]
[PlyCount "118"]
[EventDate "2011.08.21"]
[EventType "swiss"]
[EventRounds "9"]
[EventCountry "ITA"]
[SourceTitle "CBM 144 Extra"]
[Source "ChessBase"]
[SourceDate "2011.10.28"]
[SourceVersion "1"]
[SourceVersionDate "2011.10.28"]
[SourceQuality "1"]

1. Nf3 d5 2. g3 Nf6 3. Bg2 Nc6 4. d4 Bf5 5. c3 Qc8 6. 0-0 Bh3 7. Nbd2 Bxg2 8. Kxg2 e6 9. Re1 Bd6 10. e4 dxe4 11. Nxe4 Nxe4 12. Rxe4 Qd7 13. d5 Nd8 14. dxe6 Nxe6 15. Ne5 Bxe5 16. Qxd7+ Kxd7 17. Rxe5 Rad8 18. Rd5+ Kc6 19. Rxd8 Rxd8 20. Be3 Kb5 21. Kf3 Kc4 22. Ke4 a5 23. f4 a4 24. Re1 c5 25. f5 Nc7 26. b3+ axb3 27. axb3+ Kxb3 28. Rb1+ Kc4 29. Rxb7 Re8+ 30. Kf3 Nd5 31. Bd2 Re7 32. Rxe7 Nxe7 33. f6 gxf6 34. Ke4 Nd5 35. Kf5 Nxc3 36. Bh6 Nd5 37. Ke4 Nc7 38. Kf5 Ne8 39. Ke4 Nd6+ 40. Kf4 Kd5 41. g4 c4 42. Ke3 f5 43. h3 fxg4 44. hxg4 f5 45. Kf3 fxg4+ 46. Kxg4 Ke4 47. Bg7 Nf5 48. Bc3 Kd3 49. Be5 Ne7 50. Kg5 Ng8 51. Kf4 c3 52. Bxc3 Kxc3 53. Ke4 Kd2 54. Kf4 Ke2 55. Kg4 Kf2 56. Kh4 Nf6 57. Kg5 h5 58. Kh4 Kg2 59. Kg5 Kg3 0-1

[Event "Piemont Province-ch"]
[Site "Santhia"]
[Date "2011.04.15"]
[Round "6"]
[White "Zannoni, Gianni"]
[Black "Costantino, Gian Franco"]
[Result "1-0"]
[WhiteElo "1815"]
[BlackElo "1741"]
[PlyCount "139"]
[EventDate "2011.03.04"]
[EventType "swiss"]
[EventRounds "6"]
[EventCountry "ITA"]
[SourceTitle "EXT 2024"]
[Source "ChessBase"]
[SourceDate "2023.10.10"]
[SourceVersion "1"]
[SourceVersionDate "2023.10.10"]
[SourceQuality "1"]

1. Nf3 Nf6 2. g3 b6 3. Bg2 Bb7 4. 0-0 e6 5. d3 d5 6. Nbd2 Be7 7. Re1 0-0 8. c3 c5 9. Qc2 Nbd7 10. e4 Qc7 11. Nf1 dxe4 12. dxe4 e5 13. Nh4 g6 14. Bg5 Rfd8 15. Rad1 c4 16. Ne3 Kg7 17. Ng4 Nxg4 18. Bxe7 Re8 19. Bd6 Qc6 20. h3 Ngf6 21. Rd2 Nc5 22. Bxc5 Qxc5 23. Red1 Qc7 24. f3 b5 25. Kh2 Rad8 26. Bf1 Rxd2+ 27. Rxd2 Rd8 28. Ng2 a6 29. Ne3 Rxd2+ 30. Qxd2 Qd7 31. Qxd7 Nxd7 32. a4 Nc5 33. axb5 axb5 34. Kg2 Na4 35. Nd1 f5 36. exf5 gxf5 37. Kf2 e4 38. f4 h5 39. Be2 Kg6 40. g4 hxg4 41. hxg4 fxg4 42. Bxg4 Kf6 43. Bd7 Ba6 44. Bc6 Nc5 45. Ke3 Kf5 46. Nf2 Ke6 47. Bxe4 Nxe4 48. Nxe4 Kd5 49. Nf6+ Ke6 50. Ne8 Kd7 51. Ng7 Bc8 52. Ke4 Ke7 53. Ke5 Bd7 54. f5 Kf7 55. Kd6 Bc8 56. Kc7 Ba6 57. Ne6 b4 58. cxb4 Bb5 59. Kd6 Kf6 60. Nd4 Be8 61. Kc5 Bd7 62. b5 Ke7 63. Kxc4 Kd6 64. b4 Ke7 65. Kc5 Bc8 66. Kb6 Kd6 67. Ka7 Kc7 68. b6+ Kd6 69. b7 Bxb7 70. Kxb7 1-0

[Event "Ivrea op 15th"]
[Site "Ivrea"]
[Date "2011.04.03"]
[Round "4"]
[White "Zannoni, Gianni"]
[Black "Piazza, Giacomo"]
[Result "1-0"]
[WhiteElo "1815"]
[BlackElo "1671"]
[PlyCount "59"]
[EventDate "2011.04.01"]
[EventType "swiss"]
[EventRounds "5"]
[EventCountry "ITA"]
[SourceTitle "EXT 2024"]
[Source "ChessBase"]
[SourceDate "2023.10.10"]
[SourceVersion "1"]
[SourceVersionDate "2023.10.10"]
[SourceQuality "1"]

1. Nf3 Nf6 2. g3 d6 3. d4 Bg4 4. Bg2 h6 5. 0-0 Qc8 6. c4 Bh3 7. Nc3 Bxg2 8. Kxg2 e6 9. e4 Be7 10. b3 0-0 11. Bb2 b6 12. Qe2 Nbd7 13. Rfd1 Re8 14. Rac1 Nf8 15. e5 N6h7 16. h4 f5 17. Nh2 Ng6 18. Qh5 Nhf8 19. Ne2 dxe5 20. dxe5 Kh7 21. f4 Qb7+ 22. Qf3 c6 23. h5 Nh8 24. g4 g6 25. gxf5 gxf5 26. Nd4 Rac8 27. Kh3 Nf7 28. Rg1 Bc5 29. Qg2 Nh8 30. Qg8# 1-0

[Event "Biella op 1st"]
[Site "Biella"]
[Date "2010.09.25"]
[Round "2"]
[White "Zannoni, Gianni"]
[Black "Stips, Felix"]
[Result "0-1"]
[WhiteElo "1812"]
[BlackElo "2214"]
[PlyCount "90"]
[EventDate "2010.09.24"]
[EventType "swiss"]
[EventRounds "5"]
[EventCountry "ITA"]
[SourceTitle "EXT 2024"]
[Source "ChessBase"]
[SourceDate "2023.10.10"]
[SourceVersion "1"]
[SourceVersionDate "2023.10.10"]
[SourceQuality "1"]

1. Nf3 Nf6 2. g3 d5 3. Bg2 c6 4. 0-0 Bg4 5. d3 Nbd7 6. Qe1 e5 7. e4 Bxf3 8. Bxf3 Bd6 9. Nd2 0-0 10. Bg2 Qc7 11. Nf3 Rfe8 12. Kh1 a5 13. Nh4 g6 14. Qe2 b5 15. c3 a4 16. Bd2 Nb6 17. Rfe1 dxe4 18. dxe4 Nfd7 19. Rad1 Be7 20. Nf3 Nc4 21. Bc1 Nc5 22. Nd2 Nd6 23. Nf1 Rad8 24. f3 Bf8 25. Ne3 f6 26. Nc2 Nc4 27. Nb4 Ne6 28. Bh3 Nd4 29. Na6 Nxe2 30. Nxc7 Rxd1 31. Rxd1 Re7 32. Be6+ Kg7 33. Bxc4 bxc4 34. Na6 Rb7 35. Be3 Rxb2 36. Rd7+ Kg8 37. Rc7 Nxc3 38. Rxc6 Nd1 39. Bc5 Bxc5 40. Rxc5 c3 41. Rc4 Ne3 42. Rc8+ Kg7 43. Kg1 Rg2+ 44. Kh1 Rxa2 45. h4 c2 0-1

[Event "Biella Province-ch"]
[Site "Valle Mosso"]
[Date "2010.03.12"]
[Round "1"]
[White "Zannoni, Gianni"]
[Black "Vanoli, Ottavio"]
[Result "1/2-1/2"]
[WhiteElo "1845"]
[BlackElo "1527"]
[PlyCount "127"]
[EventDate "2010.03.12"]
[EventType "k.o."]
[EventRounds "6"]
[EventCountry "ITA"]
[SourceTitle "EXT 2024"]
[Source "ChessBase"]
[SourceDate "2023.10.10"]
[SourceVersion "1"]
[SourceVersionDate "2023.10.10"]
[SourceQuality "1"]

1. e4 d6 2. d4 Nf6 3. Nc3 g6 4. f4 Bg7 5. Nf3 Bg4 6. h3 Bxf3 7. Qxf3 c6 8. Be3 Qb6 9. Rb1 Qa5 10. Bd3 d5 11. 0-0 dxe4 12. Bxe4 Qh5 13. g4 Qa5 14. b4 Qc7 15. Bd3 0-0 16. Rfe1 e6 17. Ne4 Nd5 18. c3 Nxe3 19. Rxe3 Nd7 20. a4 Nb6 21. Bc2 Nd5 22. Re2 Nxf4 23. Rf2 Nd5 24. Bb3 Rae8 25. Rbf1 e5 26. g5 exd4 27. Bxd5 cxd5 28. Nf6+ Bxf6 29. gxf6 Re3 30. Qxd5 Rd8 31. Qc5 Rxc3 32. Qe7 Qxe7 33. fxe7 Re8 34. Rxf7 Rcc8 35. R7f4 Rxe7 36. Rxd4 Rce8 37. Kg2 Re4 38. Rf4 Rxf4 39. Rxf4 Kg7 40. Rc4 Re7 41. Kf3 Kf6 42. Rf4+ Ke5 43. Re4+ Kd6 44. Rd4+ Kc6 45. Rc4+ Kd5 46. Rf4 b6 47. h4 Ke5 48. Rc4 h6 49. Re4+ Kf6 50. Rf4+ Kg7 51. Rd4 Rf7+ 52. Kg3 g5 53. hxg5 hxg5 54. Kg4 Kh6 55. Rd6+ Kg7 56. Kxg5 Rc7 57. Rd4 Kf7 58. Kf5 Ke7 59. Ke5 Rc1 60. a5 bxa5 61. bxa5 Rc5+ 62. Rd5 Rxd5+ 63. Kxd5 Kd7 64. Kc5 1/2-1/2

[Event "Ivrea op 14th"]
[Site "Ivrea"]
[Date "2008.03.15"]
[Round "3"]
[White "Raviola, Piergiorgio"]
[Black "Zannoni, Gianni"]
[Result "0-1"]
[WhiteElo "1508"]
[BlackElo "1874"]
[PlyCount "124"]
[EventDate "2008.03.14"]
[EventType "swiss"]
[EventRounds "5"]
[EventCountry "ITA"]
[SourceTitle "EXT 2011"]
[Source "ChessBase"]
[SourceDate "2010.11.26"]
[SourceVersion "1"]
[SourceVersionDate "2010.11.26"]
[SourceQuality "1"]

1. e4 d6 2. d4 Nf6 3. Nc3 c6 4. Nf3 Bg4 5. Be2 e6 6. 0-0 Be7 7. Bf4 0-0 8. h3 Bh5 9. Bg3 Nbd7 10. e5 dxe5 11. Nxe5 Bxe2 12. Qxe2 Nd5 13. Ne4 h6 14. c3 Rc8 15. Rad1 N7f6 16. Nxf6+ Nxf6 17. Rfe1 Qa5 18. a3 Rcd8 19. Bh4 c5 20. Bxf6 Bxf6 21. Ng4 Bg5 22. dxc5 Qxc5 23. Rxd8 Rxd8 24. Rd1 Rd5 25. Rxd5 Qxd5 26. c4 Qd2 27. Qxd2 Bxd2 28. b3 Kf8 29. Kf1 Ke7 30. Ke2 Bc1 31. a4 Ba3 32. Ne5 f6 33. Nd3 a5 34. f3 Kd6 35. Nf4 f5 36. Kd3 Bb2 37. c5+ Ke5 38. g3 g5 39. Ng6+ Kd5 40. Nf8 Ba3 41. Nd7 Bxc5 42. Nf6+ Kd6 43. Kc4 b6 44. Ng8 h5 45. Nf6 h4 46. gxh4 gxh4 47. Nh5 Ke5 48. Kd3 Bf8 49. Kc4 Bh6 50. Kb5 Be3 51. b4 axb4 52. Kxb4 Kd5 53. Kb5 e5 54. Ng7 f4 55. Nf5 Bf2 56. Nh6 e4 57. fxe4+ Kxe4 58. Ng4 Bd4 59. Kc4 f3 60. Nh2 Bc5 61. Kb5 Bg1 62. Nf1 Kd3 0-1